The world ecomomy with the G-20 (Record no. 6695)

MARC details
000 -LEADER
fixed length control field 00513nam a22002057i 4500
001 - CONTROL NUMBER
control field 7928
003 - CONTROL NUMBER IDENTIFIER
control field OSt
005 - DATE AND TIME OF LATEST TRANSACTION
control field 20181105094121.0
007 - PHYSICAL DESCRIPTION FIXED FIELD--GENERAL INFORMATION
fixed length control field tu
008 - FIXED-LENGTH DATA ELEMENTS--GENERAL INFORMATION
fixed length control field 161220s2009 xxu||||| |||| 00| 0 d
020 ## - INTERNATIONAL STANDARD BOOK NUMBER
International Standard Book Number 978-89-322-1303-3
024 7# - OTHER STANDARD IDENTIFIER
Standard number or code 7928
Source of number or code RID
040 ## - CATALOGING SOURCE
Transcribing agency OSt
100 1# - MAIN ENTRY--PERSONAL NAME
Personal name Oh, Yonghyup
245 00 - TITLE STATEMENT
Title The world ecomomy with the G-20
260 ## - PUBLICATION, DISTRIBUTION, ETC.
Place of publication, distribution, etc. Seoul :
Name of publisher, distributor, etc. Korea Institute for International Economic Policy (KIEP),
Date of publication, distribution, etc. 2009.
300 ## - PHYSICAL DESCRIPTION
Extent S.220 ; XV.
490 ## - SERIES STATEMENT
Series statement KIEP Policy Analyses
942 ## - ADDED ENTRY ELEMENTS (KOHA)
Koha item type Paper
Holdings
Withdrawn status Lost status Damaged status Not for loan Home library Current library Shelving location Date acquired Inventory number Total Checkouts Full call number Barcode Date last seen Price effective from Koha item type
        WIIW WIIW Library 03/30/2010 7928   7.737 10003834 01/26/2017 01/26/2017 Book
The Vienna Instiute for International Economic Studies (wiiw)